Sports Quiz

Random Sports or MLB Quiz

MLB Win Leaders by Team Quiz Stats

 Plays Quiz Updated Feb 3, 2021

Support Sporcle.
Go Orange.
Score 0/30 Timer 07:00
7 Plays Today
Team Player % Correct
Arizona DiamondbacksRandy Johnson
94.7%
Minnesota TwinsWalter Johnson
91.8%
Boston Red SoxRoger Clemens and Cy Young
86.6%
New York MetsTom Seaver
58.7%
Baltimore OriolesJim Palmer
55.7%
New York YankeesWhitey Ford
53.5%
St. Louis CardinalsBob Gibson
51.2%
Atlanta BravesWarren Spahn
51.2%
Philadelphia PhilliesSteve Carlton
46.4%
Cleveland IndiansBob Feller
42.5%
San Francisco GiantsChristy Mathewson
37.4%
Tampa Bay RaysJames Shields
34.8%
Los Angeles DodgersDon Sutton
30.8%
Seattle MarinersFélix Hernández
29.8%
Houston AstrosJoe Niekro
25.4%
Team Player % Correct
Miami MarlinsRicky Nolasco
25%
Toronto Blue JaysDave Stieb
24.3%
Washington NationalsSteve Rogers
19.3%
Los Angeles AngelsChuck Finley
11.6%
Colorado RockiesJorge de la Rosa
10.3%
Oakland AthleticsEddie Plank
10.2%
Texas RangersCharlie Hough
9.3%
Chicago White SoxTed Lyons
7.2%
Kansas City RoyalsPaul Splittorff
6%
San Diego PadresEric Show
5.9%
Cincinnati RedsEppa Rixey
4.9%
Chicago CubsCharlie Root
3.9%
Milwaukee BrewersJim Slaton
3.1%
Detroit TigersHooks Dauss
2.4%
Pittsburgh PiratesWilbur Cooper
2.1%

From the Vault

Map of Oldest UK Universities

by teedslaststand

They probably didn't have high-speed internet on campus in the year 1096.
Remove Ads.
Support Sporcle.
Get the best of Sporcle when you Go Orange. This ad-free experience offers more features, more stats, and more fun while also helping to support Sporcle. Thank you for becoming a member.

Show Comments

Extras

Top Quizzes Today


Score Distribution

Your Account Isn't Verified!

In order to create a playlist on Sporcle, you need to verify the email address you used during registration. Go to your Sporcle Settings to finish the process.

Report this User

Report this user for behavior that violates our Community Guidelines.

Details: